Bologna FC Squad 2022-2023 - Statistics

General Stats
  • This quiz has been taken 65 times
  • The average score is 19 of 34
Answer Stats
# Position Nation Player % Correct
28 GK Poland Łukasz Skorupski
98%
9 FW Austria Marko Arnautović
92%
7 FW Italy Riccardo Orsolini
92%
99 FW Gambia Musa Barrow
90%
17 MF Chile Gary Medel
88%
3 DF Austria Stefan Posch
86%
- Coach Italy Thiago Motta
84%
8 MF Argentina Nicolás Domínguez
78%
19 MF Scotland Lewis Ferguson
76%
10 FW Italy Nicola Sansone
73%
21 MF Italy Roberto Soriano
71%
- Coach Serbia Siniša Mihajlović
71%
5 DF France Adama Soumaoro
69%
22 DF Greece Charalampos Lykogiannis
69%
30 MF Netherlands Jerdy Schouten
67%
26 DF Colombia Jhon Lucumí
67%
11 FW Netherlands Joshua Zirkzee
63%
29 DF Italy Lorenzo De Silvestri
61%
6 MF Croatia Nikola Moro
59%
20 MF Switzerland Michel Aebischer
55%
34 GK Italy Federico Ravaglia
45%
14 DF Italy Kevin Bonifazi
43%
82 MF Poland Kacper Urbański
41%
4 DF Uruguay Joaquín Sosa
39%
77 DF Greece Georgios Kyriakopoulos
37%
50 DF Italy Andrea Cambiaso
33%
23 GK Italy Nicola Bagnolini
31%
1 GK Italy Francesco Bardi
29%
55 FW Italy Emanuel Vignato
27%
33 DF Netherlands Denso Kasius
22%
18 FW Italy Antonio Raimondo
20%
66 DF Togo Wisdom Amey
20%
- Coach Italy Luca Vigiani
18%
25 MF Finland Niklas Pyyhtiä
16%
No matching quizzes found
Score Distribution
Percent of People with Each Score
Percentile by Number Answered
Your Score History
You have not taken this quiz